000
00199 a2200097 4500
001
24110
100
_a
Steel, W.H
245
_a
Interferometry
260
_a
_b
Cambridge
_c
1967
090
_c
16305
_d
16305
942
_a
NUST-CAE
_c
M
_c
7009
999
_c
259183
_d
259183